| 000 | 00000nas 2200000za 4500 |
| 001 | 9.812393 |
| 003 | CaOODSP |
| 005 | 20221107141319 |
| 007 | cr ||||||||||| |
| 008 | 160303d19221935onc x m o||||f0 |0fre|d |
| 040 | |aCaOODSP|bfre |
| 043 | |an-cn--- |
| 086 | 1 |aA12-2F-PDF |
| 130 | 0 |aBulletin (Canada. Ministerè de l'agriculture) |pNouvelle série. |
| 245 | 10|aBulletin, Nouvelle série |h[ressource électronique] / |cDominion du Canda, Ministère fédéral de l'agriculture. |
| 246 | 3 |aBulletin, N.S. (Canada. Ministère de l'agriculture) |
| 260 | |aOttawa : |bMinistère de l'agriculture, |c1922-1935. |
| 310 | |aIrregulier |
| 362 | 0 |aNº [1--nº 181] |
| 500 | |aPublié aussi en anglais sous le titre : Bulletin, New series. |
| 692 | 07|2gccst|aAgriculture |
| 710 | 1 |aCanada. |bMinistère de l'agriculture. |
| 775 | 08|tBulletin, New series |w(CaOODSP)9.812039 |